000 01638nam a2200265 a 4500
001 81573
003 BD-RjUL
005 20231228143417.0
008 230716s2020 bg ||||| m||| 00| 0 ben d
035 _a(BD-RjUL)81573
040 _aBD-RjUL
_bben / eng
_cBD-RjUL
_dBD-RjUL
041 _aben
082 _bRAB 2020
_223
_a297.77
100 _aরহমান, বযলুর
_98033
245 1 0 _aবাংলাদেশে ধর্মীয় সংস্কারে আলিমগণের ভূমিকা (১৮০০ খ্রি.-২০১০ খ্রি.) /
_cবযলুর রহমান ;
_6সুপারভাইজার : মুহাম্মদ রফিকুল ইসলাম
246 _aRule of Alims in Religious Reformation in Bangladesh /
260 _aরাজশাহী :
_bইসলামিক স্টাডিজ বিভাগ, রাজশাহী বিশ্ববিদ্যালয়,
_c২০২০
300 _axi, ৪১৮ পাতা ;
_c২৯ সেমি.
502 _aথিসিস (পিএইচ. ডি.) -- ইসলামিক স্টাডিজ বিভাগ, রাজশাহী বিশ্ববিদ্যালয়, ২০২০
504 _aগ্রন্থপঞ্জি : পাতা [৩৯১]-৪১৮
650 _aধর্মীয় সংস্কার
_v(১৮০০ খ্রি.-২০১০ খ্রি.) /
_98035
650 _aReligious Reform
_v(1800 AD.- 2010 AD.) /
_98036
700 _aইসলাম, মুহাম্মদ রফিকুল, সুপারভাইজার
_98034
942 _2ddc
_cTHE
999 _c81573
_d81573